000 00515nam a2200181Ia 4500
005 20250508162319.0
008 008 250505s9999 xx 000 0 hin d
037 _aTextual
040 _aFEDL
_beng
_cFEDL
041 _ahin
_2eng
084 _a491.2, SHA
_qFEDL
100 _aSharma Devi Dutt
245 0 _aSanskrit ka etihasik awam srnrachnatmak
260 _aChandigarh, India
_bHaryana Sahitya Akadami
_c1984
300 _axi,249p.
942 _cTEXL
_h491.2, SHA
999 _c1375774
_d1375774